Enciclopedia de la música / (Record no. 77258)

MARC details
000 -LEADER
campo de control de longitud fija 00806nam a2200217 i 4500
001 - NÚMERO DE CONTROL
campo de control 77258
003 - IDENTIFICADOR DE NÚMERO DE CONTROL
campo de control ES-MaACL
005 - FECHA Y HORA DE LA ÚLTIMA TRANSACCIÓN
campo de control 20230906173129.0
007 - CAMPO FIJO DE DESCRIPCIÓN FÍSICA--INFORMACIÓN GENERAL
campo de control de longitud fija t|
008 - DATOS DE LONGITUD FIJA--INFORMACIÓN GENERAL
campo de control de longitud fija 041007s1954 mx ||||1| spa d
100 1# - ENTRADA PRINCIPAL--NOMBRE DE PERSONA
Nombre de persona Hamel, Fred.
9 (RLIN) 61645
245 10 - MENCIÓN DEL TÍTULO
Título Enciclopedia de la música /
Mención de responsabilidad, etc. por Fred Hamel y Martin Hürlimann ; traducción y adaptación españolas por Otto Mayer-Serra.
250 ## - MENCION DE EDICION
Mención de edición 3a ed.
Resto de la mención de edición con estudios relativos a la música en Argentina [por Gastón O. Talamon], Brasil [por O. Mayer-Serra] y Uruguay.
260 ## - PUBLICACIÓN, DISTRIBUCIÓN, ETC.
Lugar de publicación, distribución, etc. México :
Nombre del editor, distribuidor, etc. Cumbre,
Fecha de publicación, distribución, etc. 1954.
300 ## - DESCRIPCIÓN FÍSICA
Extensión 3 v., 71 lám. :
Otras características físicas il. ;
Dimensiones 24 cm.
700 1# - ENTRADA AGREGADA--NOMBRE PERSONAL
Nombre de persona Hürlimann, Martin.
9 (RLIN) 209364
700 1# - ENTRADA AGREGADA--NOMBRE PERSONAL
Nombre de persona Mayer-Serra, Otto.
9 (RLIN) 79368
700 1# - ENTRADA AGREGADA--NOMBRE PERSONAL
Nombre de persona Talamon, Gastón O.
9 (RLIN) 109105
852 ## - LOCALIZACIÓN
Ubicación ES-MaACL
Número de control de estantería C-15379-81
Sublocalización o colección R.43033
Holdings
Estatus retirado Estado de pérdida Estado de daño No para préstamo Colección Biblioteca de origen Biblioteca actual Ubicación en estantería Fecha de adquisición Fuente de adquisición Total de préstamos Signatura topográfica completa Código de barras Visto por última vez Precio de reemplazo Tipo de ítem Koha
        Colección de referencia Biblioteca del Ateneo de Madrid Biblioteca del Ateneo de Madrid Ficheros 17/01/2008     C-15379-81 1080833 23/02/2023 23/02/2023 Libro impreso